[Event "AUTO-INT-2136"]
[Site "http://www.queenalice.com/game.php?id=981288"]
[Date "2011.9.4"]
[Round "1"]
[White "Pantaleon"]
[Black "brunalegal"]
[Result "1-0"]
[WhiteElo "1701"]
[BlackElo "1646"]

1. e4 c5 2. c3 Nf6 3. e5 Nd5 4. d4 cxd4 5. cxd4 Nc6 6. Nf3 e6 7. Bc4 Nb6 8. b3
Nxc4 9. bxc4 d6 10. O-O dxe5 11. d5 exd5 12. cxd5 Ne7 13. Nc3 Ng6 14. Re1 Bd6
15. h3 O-O 16. Bb2 b6 17. Nb5 Bb8 18. Nxe5 Nxe5 19. Bxe5 Bxe5 20. Rxe5 Bb7 21.
d6 1-0

[Event "AUTO-INT-2136"]
[Site "http://www.queenalice.com/game.php?id=981289"]
[Date "2011.9.4"]
[Round "1"]
[White "brunalegal"]
[Black "Pantaleon"]
[Result "0-1"]
[WhiteElo "1569"]
[BlackElo "1715"]

1. d4 Nf6 2. c4 e6 3. Nc3 Bb4 4. e3 O-O 5. a3 Be7 6. Nf3 c6 7. Bd3 d5 8. O-O
Nbd7 9. e4 dxe4 10. Nxe4 Nxe4 11. Bxe4 Nf6 12. Bc2 b6 13. Qd3 Ba6 14. Rd1 b5 15.
b3 bxc4 16. bxc4 g6 17. Bh6 Re8 18. Ba4 Rc8 19. Ne5 Bb7 0-1

[Event "AUTO-INT-2136"]
[Site "http://www.queenalice.com/game.php?id=981302"]
[Date "2011.9.4"]
[Round "1"]
[White "oldfool"]
[Black "brunalegal"]
[Result "0-1"]
[WhiteElo "1545"]
[BlackElo "1631"]

1. d4 d5 2. Nf3 e6 3. Nc3 Nf6 4. Ne5 Nbd7 5. Bf4 Bb4 6. Qd3 Nxe5 7. Bxe5 O-O 8.
f3 Nd7 9. Qe3 Nxe5 10. Qxe5 Bd7 11. Qe3 Qe7 12. O-O-O Rfc8 13. a3 Bd6 14. g4 c5
15. Nxd5 Qf8 16. Nf4 cxd4 17. Qe4 Bc6 18. Qd3 Bxf4+ 19. Kb1 Ba4 20. b3 Bc6 21.
b4 a5 22. b5 Bd5 23. Bh3 Be3 24. a4 Qb4+ 25. Ka1 Qxa4+ 0-1

[Event "AUTO-INT-2136"]
[Site "http://www.queenalice.com/game.php?id=981303"]
[Date "2011.9.4"]
[Round "1"]
[White "brunalegal"]
[Black "oldfool"]
[Result "1-0"]
[WhiteElo "1644"]
[BlackElo "1532"]

1. d4 e6 2. c4 Qh4 3. Nf3 Qe4 4. Nc3 Bb4 5. e3 Bxc3+ 6. bxc3 Nf6 7. Bd3 Qg4 8.
O-O O-O 9. Qc2 d6 10. e4 e5 11. dxe5 dxe5 12. Nxe5 Qe6 13. Nf3 Na6 14. Ba3 c5
15. e5 Nd7 16. Bxh7+ Kh8 17. Bf5 Qe7 18. Rfe1 f6 19. exf6 Qxf6 20. Bd3 b6 21.
Re3 Bb7 22. Rae1 Rae8 23. Bc1 Bxf3 24. Rxe8 Qg5 25. Bxg5 1-0

[Event "AUTO-INT-2136"]
[Site "http://www.queenalice.com/game.php?id=981312"]
[Date "2011.9.4"]
[Round "1"]
[White "brunalegal"]
[Black "Givanildo"]
[Result "1-0"]
[WhiteElo "1656"]
[BlackElo "1495"]

1. d4 e6 2. c4 d5 3. Nc3 dxc4 4. e3 b5 5. Nxb5 Bb4+ 6. Bd2 a5 7. Bxc4 c6 8. Nc3
Bd7 9. Nf3 h6 10. O-O Nf6 11. Qc2 O-O 12. a3 Bd6 13. Na4 Qc7 14. Nc5 Bxc5 15.
dxc5 Ne4 16. Qxe4 f5 17. Bxe6+ Bxe6 18. Qxe6+ Kh8 19. Ne5 Ra7 20. Ng6+ Kh7 21.
Nxf8+ Kh8 22. Ng6+ Kh7 23. Nf4 Qd8 24. Bc3 Re7 25. Qg6+ Kg8 26. Rfd1 Qc8 27. Rd6
Nd7 28. Rad1 Qc7 29. Ne6 Rxe6 30. Qxg7# 1-0

[Event "AUTO-INT-2136"]
[Site "http://www.queenalice.com/game.php?id=981313"]
[Date "2011.9.4"]
[Round "1"]
[White "Givanildo"]
[Black "brunalegal"]
[Result "0-1"]
[WhiteElo "1523"]
[BlackElo "1615"]

1. e4 c5 2. Bc4 Nc6 3. c3 e6 4. d3 Nf6 5. Qf3 Ne5 6. Qg3 Nxc4 7. dxc4 Nxe4 8.
Qe5 Nf6 9. Bg5 Be7 10. Nf3 d6 11. Qe2 O-O 12. O-O b6 13. Nbd2 Bb7 14. Ne4 Nxe4
15. Bxe7 Qxe7 16. Rad1 Rfd8 17. h4 Nf6 18. Ng5 h6 19. Nh3 d5 20. Nf4 dxc4 21.
Rde1 Qc7 22. Nxe6 fxe6 23. Qxe6+ Kh8 24. Qxc4 Qc6 25. Re6 Qxg2# 0-1

[Event "AUTO-ADV-2294"]
[Site "http://www.queenalice.com/game.php?id=990827"]
[Date "2011.9.27"]
[Round "1"]
[White "brunalegal"]
[Black "rmvwoods"]
[Result "0-1"]
[WhiteElo "1559"]
[BlackElo "2032"]

1. d4 d5 2. c4 e6 3. e3 Nf6 4. Nc3 Bb4 5. Ne2 dxc4 6. a3 Ba5 7. Bd2 Bd7 8. Nf4
b5 9. Be2 Bxc3 10. Bxc3 O-O 11. O-O Nc6 12. b3 Nd5 13. Nxd5 exd5 14. Bf3 Be6 15.
Qc2 cxb3 16. Qxb3 Rb8 17. Rfc1 Qd7 0-1

[Event "AUTO-ADV-2294"]
[Site "http://www.queenalice.com/game.php?id=990828"]
[Date "2011.9.27"]
[Round "1"]
[White "rmvwoods"]
[Black "brunalegal"]
[Result "1-0"]
[WhiteElo "2020"]
[BlackElo "1632"]

1. e4 c5 2. Nf3 Nc6 3. Bb5 a6 4. Bxc6 bxc6 5. O-O Nf6 6. Nc3 Bb7 7. Re1 d6 8. d3
g6 9. Be3 Bg7 10. e5 Nd5 11. exd6 Nxe3 12. Rxe3 Qxd6 13. Ne4 Qc7 14. Nxc5 O-O
15. d4 Rfd8 16. c3 Bc8 17. h3 1-0

[Event "AUTO-ADV-2294"]
[Site "http://www.queenalice.com/game.php?id=990829"]
[Date "2011.9.27"]
[Round "1"]
[White "brunalegal"]
[Black "arthurgomes"]
[Result "0-1"]
[WhiteElo "1655"]
[BlackElo "1977"]

1. d4 d5 2. c4 e6 3. Nc3 Nf6 4. Bg5 Be7 5. e3 O-O 6. Bd3 c6 7. Nge2 Nbd7 8. O-O
h6 9. Bh4 dxc4 10. Bxc4 b5 11. Bd3 Nb6 12. f3 Nfd5 13. Bf2 Nc4 14. b3 Ncb6 15.
Rc1 Ba3 16. Rb1 b4 17. Nxd5 cxd5 18. Be1 a5 19. Bd2 Ba6 20. Bxa6 Rxa6 21. Bc1
Bxc1 22. Nxc1 Nd7 23. Nd3 Qf6 24. Rc1 Raa8 25. Rc7 Rfd8 26. Qc2 Qg5 27. Qe2 h5
28. Rfc1 h4 29. Nf4 Qf6 30. Qb5 Nf8 0-1

[Event "AUTO-ADV-2294"]
[Site "http://www.queenalice.com/game.php?id=990830"]
[Date "2011.9.27"]
[Round "1"]
[White "arthurgomes"]
[Black "brunalegal"]
[Result "1-0"]
[WhiteElo "1899"]
[BlackElo "1628"]

1. e4 c5 2. Bc4 Nc6 3. Nf3 e6 4. d4 cxd4 5. Nxd4 a6 6. O-O Nf6 7. Nxc6 bxc6 8.
Bg5 Be7 9. Nc3 d5 10. exd5 cxd5 11. Bd3 O-O 12. Ne2 Bb7 13. Nf4 h6 14. Bxf6 Bxf6
15. c3 Qb6 16. Rb1 Rfc8 17. Nh5 Be7 18. Qg4 Bf8 19. Nf6+ Kh8 20. Nd7 Qd6 21.
Nxf8 Qxf8 22. Rfe1 a5 23. Bc2 a4 24. Bxa4 Rc4 25. Qe2 Rcxa4 26. a3 Qd6 27. Qb5
Qc6 28. Qf1 d4 29. cxd4 Rxd4 30. Rec1 Qd6 31. Rd1 Rd8 32. Rxd4 Qxd4 33. b4 Ra8
34. Rd1 Qe4 35. Ra1 Qd5 36. Rd1 Qb3 37. Rd3 Qa4 38. Qc1 Qa6 39. Qd1 Qc6 40. Rd8+
Rxd8 41. Qxd8+ Kh7 42. Qd3+ 1-0

[Event "AUTO-ADV-2294"]
[Site "http://www.queenalice.com/game.php?id=990831"]
[Date "2011.9.27"]
[Round "1"]
[White "brunalegal"]
[Black "Enxadrista_A"]
[Result "0-1"]
[WhiteElo "1652"]
[BlackElo "1891"]

1. d4 Nf6 2. c4 g6 3. f3 d5 4. cxd5 Qxd5 5. e4 Qd8 6. Nc3 Bg7 7. Be3 O-O 8. Bd3
e6 9. Nge2 Nbd7 10. O-O Nb6 11. Rc1 Bd7 12. Bb1 Rc8 13. Qd3 Bc6 14. a3 a6 15.
Ba2 Bb5 16. Nxb5 axb5 17. Qxb5 c6 18. Qb4 Nfd7 19. Rfd1 Nb8 0-1

[Event "AUTO-ADV-2294"]
[Site "http://www.queenalice.com/game.php?id=990832"]
[Date "2011.9.27"]
[Round "1"]
[White "Enxadrista_A"]
[Black "brunalegal"]
[Result "1-0"]
[WhiteElo "1738"]
[BlackElo "1668"]

1. e4 c5 2. Nf3 Nc6 3. Bc4 a6 4. c3 b5 5. Bb3 e6 6. O-O Bb7 7. d4 Nge7 8. Re1 c4
9. Bc2 g6 10. Bf4 Bg7 11. Nbd2 O-O 12. Ne5 d6 13. Nxc6 Nxc6 14. Nf3 f5 15. exf5
exf5 16. Ng5 Bc8 17. Qf3 Qc7 18. Ne6 Bxe6 19. Rxe6 Rf6 20. Bxd6 1-0

[Event "aaaaee consegui =)"]
[Site "http://www.queenalice.com/game.php?id=991883"]
[Date "2011.10.1"]
[Round "-"]
[White "bernardoapr"]
[Black "brunalegal"]
[Result "0-1"]
[WhiteElo "1100"]
[BlackElo "1666"]

1. d4 d5 2. Nf3 e6 3. Bg5 Nf6 4. e3 Nbd7 5. c4 c6 6. Nc3 Be7 7. c5 a5 8. Bd3 O-O
9. O-O b6 10. cxb6 Qxb6 11. Na4 Qc7 12. Bf4 Bd6 13. Nc5 Bxf4 14. exf4 Nxc5 15.
dxc5 Qxf4 16. Re1 Ba6 17. Bxa6 Rxa6 18. Qd2 Qxd2 19. Nxd2 Rb8 20. b3 a4 21. Reb1
axb3 22. Rxb3 Rxb3 23. Nxb3 Ne4 24. a4 Nc3 25. a5 Nb5 26. f4 Kf8 27. Kf2 Ke7 28.
Ke3 Kf6 29. Nd4 Nc3 30. g3 e5 31. fxe5+ Kxe5 32. Nf3+ Ke6 33. Ng5+ Ke7 34. Kd4
Nb5+ 35. Kd3 h6 36. Nf3 Kf6 37. Nd4 Nxd4 38. Kxd4 Kf5 39. h3 h5 40. Ke3 Ke5 41.
Ra4 g5 42. g4 h4 43. Kd3 f5 44. gxf5 Kxf5 45. Ke3 Ke5 46. Kd3 d4 47. Rxd4 Rxa5
48. Rc4 Ra3+ 49. Rc3 Rxc3+ 50. Kxc3 Kd5 51. Kd3 Kxc5 52. Ke3 Kd5 53. Kf3 c5 54.
Ke3 c4 55. Kd2 Kd4 56. Kc2 g4 57. hxg4 h3 58. g5 h2 59. Kb2 h1=Q 60. g6 c3+ 61.
Kc2 Kc4 62. g7 Qg2+ 63. Kc1 Qd2+ 64. Kb1 Qb2# 0-1

[Event "'-'"]
[Site "http://www.queenalice.com/game.php?id=993592"]
[Date "2011.10.5"]
[Round "-"]
[White "brunalegal"]
[Black "bernardoapr"]
[Result "0-1"]
[WhiteElo "1569"]
[BlackElo "1216"]

1. d4 Nf6 2. c4 d6 3. f3 e5 4. e4 Nc6 5. Ne2 g6 6. Be3 Bg7 7. Nbc3 O-O 8. d5 Na5
9. Nc1 b6 10. b4 Nb7 11. Nd3 a5 12. a3 Bd7 13. Be2 axb4 14. axb4 Rxa1 15. Qxa1
Qa8 0-1